<?xml version="1.0" encoding="UTF-8"?>
<record
    xmlns:xsi="http://www.w3.org/2001/XMLSchema-instance"
    xsi:schemaLocation="http://www.loc.gov/MARC21/slim http://www.loc.gov/standards/marcxml/schema/MARC21slim.xsd"
    xmlns="http://www.loc.gov/MARC21/slim">

  <leader>00680na  a2200217   4500</leader>
  <controlfield tag="001">21339</controlfield>
  <controlfield tag="003">MIRAKIL</controlfield>
  <controlfield tag="005">20181213154814.0</controlfield>
  <controlfield tag="008">170203b        tu            000 0      </controlfield>
  <datafield tag="040" ind1=" " ind2=" ">
    <subfield code="a">Milas</subfield>
    <subfield code="b">tur</subfield>
    <subfield code="c">TR-AnCHP</subfield>
  </datafield>
  <datafield tag="041" ind1=" " ind2=" ">
    <subfield code="a">tur</subfield>
  </datafield>
  <datafield tag="082" ind1=" " ind2=" ">
    <subfield code="a">351.7225</subfield>
    <subfield code="b">S28i 2007</subfield>
  </datafield>
  <datafield tag="090" ind1=" " ind2=" ">
    <subfield code="a">351.7225 S28i 2007</subfield>
  </datafield>
  <datafield tag="110" ind1=" " ind2=" ">
    <subfield code="a">Savunma Sanayii M&#xFC;ste&#x15F;arl&#x131;&#x11F;&#x131;</subfield>
  </datafield>
  <datafield tag="245" ind1=" " ind2=" ">
    <subfield code="a">2007 mali y&#x131;l&#x131; kesin hesab&#x131;</subfield>
    <subfield code="c">Savunma Sanayii M&#xFC;ste&#x15F;arl&#x131;&#x11F;&#x131;</subfield>
  </datafield>
  <datafield tag="260" ind1=" " ind2=" ">
    <subfield code="a">Ankara </subfield>
    <subfield code="b">Savunma Sanayii M&#xFC;ste&#x15F;arl&#x131;&#x11F;&#x131;</subfield>
    <subfield code="c">2007</subfield>
  </datafield>
  <datafield tag="300" ind1=" " ind2=" ">
    <subfield code="a">60 s.</subfield>
    <subfield code="b">tbl.</subfield>
    <subfield code="c">20 sm.</subfield>
  </datafield>
  <datafield tag="610" ind1=" " ind2=" ">
    <subfield code="a">Savunma Sanayii M&#xFC;ste&#x15F;arl&#x131;&#x11F;&#x131;</subfield>
    <subfield code="x">Kesin b&#xFC;t&#xE7;e</subfield>
    <subfield code="y">2007</subfield>
  </datafield>
  <datafield tag="710" ind1=" " ind2=" ">
    <subfield code="a">Savunma Sanayii M&#xFC;ste&#x15F;arl&#x131;&#x11F;&#x131;</subfield>
  </datafield>
  <datafield tag="942" ind1=" " ind2=" ">
    <subfield code="2">ddc</subfield>
    <subfield code="c">BKS</subfield>
  </datafield>
  <datafield tag="952" ind1=" " ind2=" ">
    <subfield code="a">0001</subfield>
    <subfield code="b">0001</subfield>
    <subfield code="d">2017-02-03</subfield>
    <subfield code="e">2</subfield>
    <subfield code="l">0</subfield>
    <subfield code="o">351.7225 S28i 2007</subfield>
    <subfield code="p">012250</subfield>
    <subfield code="r">2017-02-03 00:00:00</subfield>
    <subfield code="v">0.00</subfield>
    <subfield code="w">2017-02-03</subfield>
    <subfield code="y">BKS</subfield>
  </datafield>
  <datafield tag="999" ind1=" " ind2=" ">
    <subfield code="c">1184</subfield>
    <subfield code="d">1184</subfield>
  </datafield>
</record>
